000
00453nam a2200145Ia 4500
008
100122s9999 xx 000 0 und d
082
_b
35067
_a
823
100
_a
वगळ अरुण दा
245
_a
स्वप्नगंधा
260
_b
बांदोडकर पब्लिशिंग हाऊस
_c
1983
300
_a
148
630
_a
स्वप्नगंधा
730
_a
स्वप्नगंधा
942
_c
BOOK
999
_c
418451
_d
418448